Statystyki dla Języki sąsiadów sąsiadów Polski

Kliknij tutaj aby rozwiązać quiz!

Ogólne statystyki

  • Ten quiz został rozwiązany 1 263 razy
  • Średni wynik to 18 z 20

Statystyki odpowiedzi

PaństwoJęzyk% Poprawnych
DaniaDuński
99%
FrancjaFrancuski
97%
RumuniaRumuński
96%
WęgryWęgierski
96%
ChinyChiński
94%
AustriaNiemiecki
94%
SzwajcariaNiemiecki, Francuski, Włoski, Romansz
94%
Korea PółnocnaKoreański
93%
LuksemburgLuksemburski, Francuski, Niemiecki
93%
NorwegiaNorweski, Języki Lapońskie
93%
BelgiaFrancuski, Niderlandzki, Niemiecki
91%
EstoniaEstoński
90%
MongoliaMongolski
89%
NiderlandyNiderlandzki, Angielski, Papiamento
88%
ŁotwaŁotewski
85%
FinlandiaFiński, Szwedzki
83%
GruzjaGruziński
82%
KazachstanKazachski, Rosyjski
71%
MołdawiaRumuński
71%
AzerbejdżanAzerski
53%

Rozkład punktacji

Percentyl według liczby udzielonych odpowiedzi

Procent ludzi z każdym wynikiem

Twoja historia wyników

Nie rozwiązałeś tego quizu